[Event "11. Lovsprings EMT Basis 1 2000"]
[Site "Ringsted"]
[Date "2000.04.14"]
[Round "4"]
[White "Jensen, Morten Frank"]
[Black "Dickow, Flemming"]
[Result "1/2-1/2"]
[WhiteElo "1829"]
[BlackElo "1739"]
[PlyCount "93"]
[EventDate "2000.??.??"]

1. Nc3 g6 2. Nf3 Bg7 3. e4 d6 4. Bc4 Nf6 5. d3 O-O 6. Bg5 a6 7. Qd2 b5 8. Bb3
c5 9. Bh6 c4 10. Bxg7 Kxg7 11. dxc4 b4 12. Nd5 Nxe4 13. Qd4+ Nf6 14. Nxf6 exf6
15. O-O-O a5 16. c5 a4 17. Bc4 Nc6 18. Qxd6 Bb7 19. Bb5 Qc8 20. Qd7 Ra5 21. Bc4
Rxc5 22. Qxc8 Bxc8 23. b3 Bg4 24. Rd5 Rxd5 25. Bxd5 Bxf3 26. Bxf3 Nd4 27. Bd1
axb3 28. axb3 Re8 29. Kb2 Nb5 30. Bf3 Nc3 31. Kc1 f5 32. Kd2 Rd8+ 33. Ke3 g5
34. g3 f4+ 35. gxf4 gxf4+ 36. Kxf4 Rd2 37. Rg1+ Kf6 38. Ke3 Rxc2 39. Rg4 Na2
40. Bd5 h5 41. Rc4 Rc3+ 42. Kd2 Rh3 43. Rf4+ Ke5 44. Rf3 Rxh2 45. Bxf7 Nc3 46.
Bg6 h4 47. Kd3 1/2-1/2

[Event "11. Lovsprings EMT Basis 1 2000"]
[Site "Ringsted"]
[Date "2000.04.14"]
[Round "4"]
[White "Jorgensen, Lars"]
[Black "Hove, Lars"]
[Result "1-0"]
[WhiteElo "1801"]
[BlackElo "1632"]
[PlyCount "89"]
[EventDate "2000.??.??"]

1. e4 c5 2. Nc3 Nc6 3. g3 g6 4. Bg2 Bg7 5. Nge2 a6 6. O-O h5 7. d3 e6 8. Be3
Nd4 9. f4 d6 10. Qd2 Nh6 11. h3 Rb8 12. Nd1 f5 13. c3 Nxe2+ 14. Qxe2 Bd7 15.
Nf2 Bc6 16. Rad1 Qa5 17. a3 O-O 18. Bd2 Rbe8 19. Rfe1 Qb6 20. Be3 Bb5 21. Qc2
Qc7 22. d4 cxd4 23. Bxd4 e5 24. Be3 Kh7 25. exf5 gxf5 26. Bf3 Kg6 27. g4 hxg4
28. hxg4 Bc6 29. gxf5+ Nxf5 30. Bg4 e4 31. Bxf5+ Kxf5 32. Nh3 Rg8 33. Ng5 Bf6
34. Qh2 Rh8 35. Qf2 Reg8 36. Qd2 Qh7 37. Qg2 Qe7 38. Rf1 d5 39. Kf2 Bxg5 40.
fxg5 Rf8 41. Ke1+ Kg6 42. Rf6+ Kg7 43. Bd4 Kg8 44. Rg6+ Kf7 45. Rg7+ 1-0

[Event "11. Lovsprings EMT Basis 1 2000"]
[Site "Ringsted"]
[Date "2000.04.14"]
[Round "4"]
[White "Larsen, Soren M"]
[Black "Henriksen, Kasper"]
[Result "0-1"]
[WhiteElo "1794"]
[BlackElo "1756"]
[PlyCount "64"]
[EventDate "2000.??.??"]

1. Nc3 g6 2. g3 Bg7 3. Bg2 c5 4. e4 Nc6 5. Nge2 e6 6. O-O Nge7 7. d3 d6 8. Bg5
a6 9. Qd2 Qc7 10. Nd1 b5 11. c3 Bb7 12. Rc1 Qa5 13. b4 Qb6 14. Be3 Rd8 15. d4
cxd4 16. cxd4 d5 17. e5 Nf5 18. g4 Nxe3 19. fxe3 Bf8 20. a3 a5 21. Rc5 axb4 22.
axb4 Bxc5 23. bxc5 Qa5 24. Nec3 b4 25. Qf2 Rf8 26. Nxd5 exd5 27. Qf6 Qc7 28. e6
Qe7 29. Qg7 Qxe6 30. Rf6 Qxg4 31. Rxf7 Qxd1+ 32. Bf1 Rxf7 0-1

[Event "11. Lovsprings EMT Basis 1 2000"]
[Site "Ringsted"]
[Date "2000.04.25"]
[Round "4"]
[White "Larsen, Vagn"]
[Black "Jensen, Karsten"]
[Result "1/2-1/2"]
[WhiteElo "1686"]
[BlackElo "1652"]
[PlyCount "101"]
[EventDate "2000.??.??"]

1. Nf3 c5 2. b3 d5 3. e3 Bg4 4. Be2 Bxf3 5. Bxf3 Nf6 6. Bb2 e6 7. c4 Nc6 8.
cxd5 Nb4 9. d3 Nbxd5 10. O-O Be7 11. Qe2 O-O 12. Rd1 Qa5 13. Na3 b5 14. Qd2 Qb6
15. d4 Rad8 16. Rac1 Nb4 17. Bc3 Nfd5 18. Bxd5 Rxd5 19. Bxb4 cxb4 20. Nc2 a5
21. Ne1 e5 22. Qb2 Rfd8 23. Nf3 e4 24. Nd2 Qe6 25. Rc2 Rg5 26. Kh1 Qg4 27. Rg1
Rh5 28. Nf1 Bd6 29. g3 Qf3+ 30. Rg2 Rh3 31. Qc1 Qg4 32. Qe1 Qf5 33. Kg1 Rc8 34.
Qc1 Rd8 35. Rc6 g6 36. Qc2 Bf8 37. Nd2 Re8 38. Rc7 Qg4 39. Nf1 Re6 40. Rc8 Kg7
41. Rc6 Rh5 42. Rxe6 Qxe6 43. Nd2 f5 44. g4 Rg5 45. gxf5 Rxg2+ 46. Kxg2 gxf5
47. Qc7+ Kh6 48. Nf1 a4 49. Qf4+ Kg6 50. Qg3+ Kf7 51. Qc7+ 1/2-1/2

[Event "11. Lovsprings EMT Basis 1 2000"]
[Site "Ringsted"]
[Date "2000.04.14"]
[Round "4"]
[White "Madsen, Morten"]
[Black "Schroder, Jan Morville"]
[Result "1-0"]
[WhiteElo "1866"]
[BlackElo "1811"]
[PlyCount "79"]
[EventDate "2000.??.??"]

1. d4 Nf6 2. Bg5 d5 3. e3 Bf5 4. Bxf6 exf6 5. Bd3 Bxd3 6. Qxd3 c6 7. Nd2 Qb6 8.
Ne2 Nd7 9. O-O Be7 10. a3 O-O 11. Ng3 g6 12. b4 Rad8 13. c3 f5 14. Rfe1 Rfe8
15. f3 Bh4 16. Re2 Qc7 17. Nh1 Re7 18. g3 Bg5 19. f4 Bh6 20. Rg2 Rde8 21. Re1
Nf6 22. Nf2 Nh5 23. Nh3 Nf6 24. Nf2 Re6 25. Nf1 b6 26. Rb1 Rc8 27. g4 fxg4 28.
Nxg4 Nxg4 29. Rxg4 Re7 30. Rh4 Bg7 31. Rb2 Qd7 32. f5 Rce8 33. fxg6 fxg6 34.
Rf2 Re4 35. Rhf4 Rxf4 36. Rxf4 Bh6 37. Rf3 Qe7 38. Rg3 Rf8 39. Kg2 Rf5 40. Qxf5
1-0

[Event "11. Lovsprings EMT Basis 1 2000"]
[Site "Ringsted"]
[Date "2000.04.14"]
[Round "4"]
[White "Nielsen, Carl Otto"]
[Black "Olsen, Morten Henrik"]
[Result "1-0"]
[WhiteElo "1729"]
[BlackElo "1654"]
[PlyCount "103"]
[EventDate "2000.??.??"]

1. d4 Nf6 2. c4 e6 3. Nc3 Bb4 4. e3 Bxc3+ 5. bxc3 Ne4 6. Nf3 f5 7. Qc2 b6 8.
Bd3 Bb7 9. O-O O-O 10. Nd2 Nxd2 11. Bxd2 Qg5 12. f3 Rf6 13. e4 Qh5 14. exf5
exf5 15. Rae1 d6 16. Re7 Na6 17. d5 Raf8 18. Rfe1 Bc8 19. Be3 Rg6 20. Qf2 Rgf6
21. Bd4 R6f7 22. Qg3 Qg6 23. Qh4 h6 24. f4 Nc5 25. Bxc5 bxc5 26. Rxf7 Rxf7 27.
Qd8+ Rf8 28. Qxc7 Qf6 29. Re7 Qxc3 30. Bf1 Qd4+ 31. Kh1 Ba6 32. g3 Qb2 33. Qxd6
Qa1 34. Qe6+ Kh8 35. Qe2 Rb8 36. Re8+ Rxe8 37. Qxe8+ Kh7 38. Qe2 Qd4 39. Kg2
Kg8 40. Qe6+ Kh7 41. Qxa6 Qe4+ 42. Kh3 Qf3 43. Qe6 Qxf1+ 44. Kh4 Qd3 45. Qe7
Qd2 46. Kh3 Qxa2 47. d6 Qxc4 48. d7 a5 49. d8=Q a4 50. Qdd7 Qf1+ 51. Kh4 Qg2
52. Qxg7# 1-0

[Event "11. Lovsprings EMT Basis 1 2000"]
[Site "Ringsted"]
[Date "2000.04.14"]
[Round "4"]
[White "Pedersen, Allan"]
[Black "Vandrup, Lars"]
[Result "0-1"]
[WhiteElo "1672"]
[BlackElo "1674"]
[PlyCount "62"]
[EventDate "2000.??.??"]

1. d4 Nf6 2. Nc3 d5 3. Bf4 c6 4. e3 Bf5 5. Bd3 Bxd3 6. Qxd3 Nbd7 7. Nge2 g6 8.
h3 Bg7 9. O-O O-O 10. Rfd1 Nh5 11. Bh2 e5 12. Rab1 e4 13. Qd2 Bh6 14. Ng3 Nxg3
15. Bxg3 f5 16. Ne2 g5 17. Bh2 Rf7 18. Qb4 Nf8 19. c4 Ng6 20. cxd5 cxd5 21. Ng3
Qd7 22. Rbc1 f4 23. Nf1 Raf8 24. Rc2 Nh4 25. Qc3 Nxg2 26. exf4 Nxf4 27. Bxf4
Rxf4 28. Qc7 Qxh3 29. Nh2 Rg4+ 30. Nxg4 Qxg4+ 31. Kh2 Qxd1 0-1

[Event "11. Lovsprings EMT Basis 1 2000"]
[Site "Ringsted"]
[Date "2000.04.28"]
[Round "5"]
[White "Dickow, Flemming"]
[Black "Hansen, Erik Olsgaard"]
[Result "1-0"]
[WhiteElo "1739"]
[BlackElo "1659"]
[PlyCount "69"]
[EventDate "2000.??.??"]

1. e4 c6 2. d3 d5 3. Nd2 e5 4. Ngf3 Bg4 5. h3 Bxf3 6. Qxf3 d4 7. g3 Ne7 8. Bg2
Ng6 9. O-O Na6 10. a3 Nc7 11. Kh2 Ne6 12. h4 b5 13. Bh3 Qd6 14. b3 Be7 15. a4
Nc7 16. Qh5 O-O 17. Qg4 a5 18. h5 Nh8 19. f4 f6 20. f5 Nf7 21. Nf3 Qd8 22. h6
Ng5 23. Bxg5 fxg5 24. hxg7 Kxg7 25. Nxe5 Bf6 26. Nf3 h6 27. e5 Bxe5 28. Nxe5
Qd6 29. f6+ Rxf6 30. Rxf6 Qxf6 31. Qd7+ Kg8 32. Qxc7 Re8 33. Re1 Qf2+ 34. Bg2
Qf6 35. Ng4 1-0

[Event "11. Lovsprings EMT Basis 1 2000"]
[Site "Ringsted"]
[Date "2000.04.28"]
[Round "5"]
[White "Henriksen, Kasper"]
[Black "Madsen, Morten"]
[Result "1-0"]
[WhiteElo "1756"]
[BlackElo "1866"]
[PlyCount "71"]
[EventDate "2000.??.??"]

1. e4 b6 2. d4 Bb7 3. Bd3 e6 4. c4 Nf6 5. Qc2 Nc6 6. d5 Nb4 7. Qe2 Nxd3+ 8.
Qxd3 exd5 9. cxd5 Bb4+ 10. Bd2 Qe7 11. Bxb4 Qxb4+ 12. Nc3 Qxb2 13. Rd1 O-O 14.
Nge2 Qa3 15. e5 Ne8 16. O-O Ba6 17. Qe4 Bxe2 18. Nxe2 Qe7 19. Ng3 d6 20. f4 g6
21. Qd4 dxe5 22. fxe5 Rd8 23. Ne4 c5 24. Qc3 Qh4 25. Qf3 Qh6 26. Qg3 Qg7 27.
Qg5 Nc7 28. Qe7 Nb5 29. d6 Nd4 30. d7 Ne6 31. Rf6 h6 32. Nd6 g5 33. Nxf7 Rxf7
34. Qxe6 Kf8 35. Rxf7+ Qxf7 36. Rf1 1-0

[Event "11. Lovsprings EMT Basis 1 2000"]
[Site "Ringsted"]
[Date "2000.05.01"]
[Round "5"]
[White "Hove, Lars"]
[Black "Pedersen, Allan"]
[Result "1/2-1/2"]
[WhiteElo "1632"]
[BlackElo "1672"]
[PlyCount "86"]
[EventDate "2000.??.??"]

1. c4 c5 2. Nc3 Nf6 3. g3 d6 4. Bg2 e6 5. d3 Be7 6. Nh3 Nc6 7. Nf4 O-O 8. h4
Re8 9. e3 Rb8 10. Nh5 Bf8 11. O-O Bd7 12. b3 Nb4 13. a3 Na6 14. Rb1 Nc7 15. Bb2
e5 16. Nxf6+ Qxf6 17. Ne4 Qe7 18. Nc3 b5 19. e4 a5 20. Nd5 Nxd5 21. cxd5 f6 22.
Bc1 b4 23. a4 g6 24. Be3 Qg7 25. f4 f5 26. Qd2 Qe7 27. Rf2 Bg7 28. Qc2 exf4 29.
Rxf4 Be5 30. Rf3 fxe4 31. dxe4 Bg4 32. Bg5 Qc7 33. Rd3 Rf8 34. Qc1 Bd4+ 35. Kh2
Rf2 36. Bh6 Qf7 37. Be3 Bxe3 38. Qxe3 Re2 39. Qf4 Qd7 40. Rf1 Rxg2+ 41. Kxg2
Bh3+ 42. Kh2 Bxf1 43. Qxf1 Qf7 1/2-1/2

[Event "11. Lovsprings EMT Basis 1 2000"]
[Site "Ringsted"]
[Date "2000.04.28"]
[Round "5"]
[White "Jorgensen, Lars"]
[Black "Jensen, Morten Frank"]
[Result "0-1"]
[WhiteElo "1801"]
[BlackElo "1829"]
[PlyCount "64"]
[EventDate "2000.??.??"]

1. e4 Nc6 2. Nf3 d6 3. d4 Bg4 4. Be2 e6 5. Nc3 Nf6 6. Bg5 Be7 7. O-O d5 8. e5
Nd7 9. Bxe7 Qxe7 10. Qd2 O-O 11. a3 Rac8 12. b4 Nb6 13. Rfd1 Rfd8 14. b5 Nb8
15. a4 c5 16. a5 Nc4 17. Bxc4 Bxf3 18. gxf3 dxc4 19. Qe3 cxd4 20. Rxd4 Rxd4 21.
Qxd4 a6 22. bxa6 bxa6 23. Ne4 h6 24. Nd6 Rd8 25. Qxc4 Qg5+ 26. Kf1 Qxe5 27. Rd1
Rxd6 28. Qc8+ Kh7 29. Rb1 Nd7 30. Rb7 Rd1+ 31. Kg2 Qg5+ 32. Kh3 Rg1 0-1

[Event "11. Lovsprings EMT Basis 1 2000"]
[Site "Ringsted"]
[Date "2000.04.28"]
[Round "5"]
[White "Nielsen, Carl Otto"]
[Black "Larsen, Soren M"]
[Result "1/2-1/2"]
[WhiteElo "1729"]
[BlackElo "1794"]
[PlyCount "59"]
[EventDate "2000.??.??"]

1. d4 c6 2. c4 d5 3. Nf3 Nf6 4. Nc3 Bf5 5. cxd5 cxd5 6. Qb3 b6 7. Bg5 e6 8. e3
Be7 9. Bb5+ Nfd7 10. Bxe7 Qxe7 11. Ne5 O-O 12. Nxd7 Nxd7 13. O-O Nf6 14. Rac1
a6 15. Be2 b5 16. Rfe1 Rfc8 17. Bf3 Rc7 18. Bxd5 exd5 19. Nxd5 Nxd5 20. Qxd5
Rxc1 21. Rxc1 Qe4 22. Qxe4 Bxe4 23. f3 Bd3 24. Rc3 Bc4 25. b3 Be6 26. e4 Rc8
27. Rxc8+ Bxc8 28. Kf2 Kf8 29. Ke3 Ke7 30. d5 1/2-1/2

[Event "11. Lovsprings EMT Basis 1 2000"]
[Site "Ringsted"]
[Date "2000.04.26"]
[Round "5"]
[White "Olsen, Morten Henrik"]
[Black "Vandrup, Lars"]
[Result "1/2-1/2"]
[WhiteElo "1654"]
[BlackElo "1674"]
[PlyCount "56"]
[EventDate "2000.??.??"]

1. e4 c5 2. Nf3 d6 3. d4 cxd4 4. Nxd4 Nf6 5. Nc3 g6 6. Bc4 Bg7 7. Be3 O-O 8.
Qd2 Nc6 9. O-O-O Bd7 10. f3 Rc8 11. Bb3 Na5 12. g4 a6 13. h4 Nxb3+ 14. Nxb3 b5
15. h5 Qc7 16. hxg6 fxg6 17. Rh2 b4 18. Nd5 Nxd5 19. Qxd5+ Rf7 20. Nd4 Qc5 21.
Qxc5 Rxc5 22. Rdh1 Ra5 23. Kb1 Bxd4 24. Bxd4 Be6 25. b3 h5 26. gxh5 Rxh5 27.
Rxh5 gxh5 28. Rxh5 Rxf3 1/2-1/2

[Event "11. Lovsprings EMT Basis 1 2000"]
[Site "Ringsted"]
[Date "2000.04.28"]
[Round "5"]
[White "Rasmussen, Henning"]
[Black "Larsen, Vagn"]
[Result "1-0"]
[WhiteElo "1834"]
[BlackElo "1686"]
[PlyCount "105"]
[EventDate "2000.??.??"]

1. Nf3 Nf6 2. c4 d6 3. d4 g6 4. Nc3 Bg7 5. e4 O-O 6. Be2 Bg4 7. O-O Bxf3 8.
Bxf3 e5 9. dxe5 dxe5 10. Qxd8 Rxd8 11. Nd5 Nxd5 12. cxd5 Nd7 13. Be3 Bf8 14.
Rac1 Bd6 15. Be2 f5 16. f3 f4 17. Bf2 g5 18. Rc2 Nf8 19. Rfc1 Ng6 20. Kf1 Ne7
21. a3 c6 22. dxc6 Nxc6 23. Ba6 Nd4 24. Bxd4 exd4 25. Bxb7 Rab8 26. Bd5+ Kf8
27. Ke2 Be5 28. Kd3 h6 29. b4 Rb6 30. Rc6 Ke7 31. Rxb6 axb6 32. Rc6 Rd6 33.
Rxd6 Kxd6 34. a4 Bf6 35. Kc4 Bg7 36. a5 bxa5 37. bxa5 Kc7 38. Kc5 d3 39. a6 d2
40. Bb3 Bf8+ 41. Kd5 Kb6 42. Ke6 Kxa6 43. Kf7 Bc5 44. e5 h5 45. Bd1 Kb5 46. e6
Kb4 47. e7 Bxe7 48. Kxe7 Kc3 49. Kf6 g4 50. fxg4 hxg4 51. Bxg4 Kd3 52. h4 Ke3
53. Kf5 1-0

[Event "11. Lovsprings EMT Basis 1 2000"]
[Site "Ringsted"]
[Date "2000.04.28"]
[Round "5"]
[White "Schroder, Jan Morville"]
[Black "Alstrup, Thomas"]
[Result "1-0"]
[WhiteElo "1811"]
[BlackElo "1763"]
[PlyCount "91"]
[EventDate "2000.??.??"]

1. d4 Nf6 2. c4 c5 3. Nf3 d6 4. Nc3 Bg4 5. e3 Nbd7 6. Be2 a6 7. O-O Rb8 8. a4
e5 9. d5 Qe7 10. e4 g6 11. Ne1 Bxe2 12. Qxe2 Bg7 13. Nd3 Nh5 14. Bd2 Nb6 15. b3
Nf4 16. Qf3 g5 17. Ne1 h5 18. Nc2 g4 19. Qd1 Ng6 20. Ne3 Nh4 21. Ne2 Bh6 22.
Ng3 Bxe3 23. Bxe3 Nd7 24. Qd2 f6 25. a5 Qh7 26. b4 Rd8 27. b5 Nf8 28. bxa6 bxa6
29. Rab1 Nd7 30. Rb7 O-O 31. Rfb1 Rb8 32. R1b3 f5 33. Bg5 f4 34. Bxh4 fxg3 35.
Qg5+ Kh8 36. hxg3 Rg8 37. Rxd7 Rxb3 38. Rxh7+ Kxh7 39. Qxh5+ Kg7 40. Qxg4+ Kh7
41. Qf5+ Rg6 42. Qf7+ Kh6 43. Be7 Rb1+ 44. Kh2 Rb8 45. Bf8+ Kh5 46. g4+ 1-0

[Event "11. Lovsprings EMT Basis 1 2000"]
[Site "Ringsted"]
[Date "2000.05.05"]
[Round "6"]
[White "Dickow, Flemming"]
[Black "Schroder, Jan Morville"]
[Result "1-0"]
[WhiteElo "1739"]
[BlackElo "1811"]
[PlyCount "147"]
[EventDate "2000.??.??"]

1. e4 e6 2. d3 d5 3. Nd2 Nf6 4. Ngf3 Be7 5. g3 c5 6. Bg2 Nc6 7. O-O O-O 8. Re1
b5 9. e5 Nd7 10. Nf1 a5 11. h4 b4 12. Bf4 a4 13. Ng5 Qe8 14. c4 Nb6 15. Rc1 Bb7
16. cxd5 Nxd5 17. Bd2 Nd4 18. Qh5 h6 19. Ne4 Rc8 20. Qg4 Kh8 21. Ne3 Nxe3 22.
Bxe3 Bxe4 23. Bxe4 f5 24. exf6 Bxf6 25. Rc4 Qf7 26. Rec1 h5 27. Qd1 Nf5 28.
Bxf5 exf5 29. Bxc5 Rfd8 30. Bxb4 Rxc4 31. Rxc4 g6 32. Qc2 Qd7 33. Bc3 Bxc3 34.
Qxc3+ Qg7 35. Qxg7+ Kxg7 36. Rxa4 Rxd3 37. Ra6 Rd1+ 38. Kg2 Rd2 39. b4 Rb2 40.
a3 Kf7 41. Kf3 f4 42. Kxf4 Rxf2+ 43. Ke3 Rg2 44. Kf3 Rb2 45. Ra5 Ke6 46. b5
Rb3+ 47. Kf4 Kd5 48. a4 Rb4+ 49. Kf3 Rb3+ 50. Kg2 Ke4 51. Ra6 Rb2+ 52. Kh3 Rb4
53. Rxg6 Rxa4 54. Rg5 Kf3 55. Rf5+ Ke3 56. Rxh5 Ra1 57. Rf5 Ke4 58. Rf4+ Ke3
59. Rb4 Kf3 60. Rb3+ Ke4 61. b6 Ra8 62. b7 Rb8 63. h5 Kf5 64. g4+ Kg5 65. Rb5+
Kh6 66. Kh4 Kh7 67. g5 Kg7 68. Rb6 Kg8 69. g6 Kh8 70. Kg5 Kg8 71. h6 Kf8 72.
Kf6 Kg8 73. Rc6 Rxb7 74. Rc8# 1-0

[Event "11. Lovsprings EMT Basis 1 2000"]
[Site "Ringsted"]
[Date "2000.05.05"]
[Round "6"]
[White "Hove, Lars"]
[Black "Eckert, Svend"]
[Result "1/2-1/2"]
[WhiteElo "1632"]
[BlackElo "1650"]
[PlyCount "143"]
[EventDate "2000.??.??"]

1. e4 c5 2. Nf3 Nc6 3. c3 e6 4. d4 d5 5. e5 cxd4 6. cxd4 Bb4+ 7. Nc3 Nge7 8. a3
Bxc3+ 9. bxc3 Bd7 10. Bd3 Rc8 11. Ng5 g6 12. h4 Qc7 13. Qf3 Nf5 14. Bd2 Nxe5
15. dxe5 Qxe5+ 16. Qe2 Qg7 17. Bb5 Bc6 18. Bxc6+ Rxc6 19. Rb1 Nd6 20. Rh3 O-O
21. h5 h6 22. Nh7 Kxh7 23. hxg6+ Qxg6 24. Rxh6+ Qxh6 25. Bxh6 Kxh6 26. Qe3+ Kg6
27. Qg3+ Kf6 28. Qh4+ Kg6 29. Rb4 f5 30. Qg3+ Kf7 31. Rh4 Ke7 32. Qg5+ Kd7 33.
Rh7+ Nf7 34. Qf6 Ke8 35. f4 Rc7 36. Kd2 Re7 37. Qd4 b6 38. Qa4+ Rd7 39. Qc6 Ke7
40. Qa4 Rfd8 41. Rg7 Rc7 42. Qb4+ Rc5 43. a4 Kf8 44. Rg6 Rd6 45. a5 Rxa5 46.
Rxe6 Rc5 47. Rxd6 Nxd6 48. Ke1 Nb5 49. Qb1 d4 50. cxd4 Nxd4 51. Kf1 Ne6 52. g3
Kf7 53. Kg2 Ke7 54. Qd3 b5 55. Qa3 Kd6 56. Qxa7 Nc7 57. Qb6+ Kd5 58. Qf6 Kc4
59. Qb2 b4 60. g4 fxg4 61. Kg3 Nd5 62. f5 b3 63. f6 Rc7 64. Qd2 Rf7 65. Qc1+
Kb4 66. Qd2+ Kc4 67. Qe2+ Kd4 68. Qxg4+ Ke5 69. Qc4 Rxf6 70. Qxb3 Rg6+ 71. Kf2
Rf6+ 72. Ke1 1/2-1/2

[Event "11. Lovsprings EMT Basis 1 2000"]
[Site "Ringsted"]
[Date "2000.05.05"]
[Round "6"]
[White "Jensen, Morten Frank"]
[Black "Alstrup, Thomas"]
[Result "1-0"]
[WhiteElo "1829"]
[BlackElo "1763"]
[PlyCount "127"]
[EventDate "2000.??.??"]

1. Nc3 c5 2. Nf3 Nc6 3. d4 cxd4 4. Nxd4 d5 5. Bf4 Nf6 6. Ncb5 Qa5+ 7. Qd2 Qxd2+
8. Bxd2 Nxd4 9. Nxd4 a6 10. Bb4 Bg4 11. h3 Bh5 12. f4 e6 13. Bxf8 Kxf8 14. g4
Bg6 15. c3 Be4 16. Rg1 Ke7 17. e3 Rac8 18. Be2 Rhd8 19. h4 Ne8 20. Kd2 Nd6 21.
Raf1 f6 22. f5 e5 23. Ne6 Rg8 24. b4 g6 25. Nc5 gxf5 26. gxf5 Bxf5 27. Rxg8
Rxg8 28. Nxb7 Ne4+ 29. Ke1 Bh3 30. Rh1 Rg3 31. Nc5 Nxc5 32. bxc5 Bc8 33. Kf2
Rg7 34. Rb1 Kd8 35. Rb6 f5 36. Bxa6 Rc7 37. Rd6+ Rd7 38. Rxd7+ Bxd7 39. Bb7 Be6
40. a4 Kc7 41. Ba8 Bd7 42. a5 Be6 43. Ke2 Kb8 44. Bc6 Ka7 45. Bb5 Bc8 46. Kd3
Kb7 47. c4 Be6 48. cxd5 Bxd5 49. Bd7 Be4+ 50. Kc4 Kc7 51. Be6 Bb1 52. Kd5 f4
53. exf4 exf4 54. Bg4 Bd3 55. Bf3 Kb8 56. Ke5 Ka7 57. Kxf4 Ka6 58. Be4 Bf1 59.
c6 Ka7 60. Bxh7 Kb8 61. h5 Bc4 62. h6 Kc7 63. Be4 Bg8 64. Ke5 1-0

[Event "11. Lovsprings EMT Basis 1 2000"]
[Site "Ringsted"]
[Date "2000.05.05"]
[Round "6"]
[White "Larsen, Vagn"]
[Black "Jorgensen, Lars"]
[Result "1-0"]
[WhiteElo "1686"]
[BlackElo "1801"]
[PlyCount "51"]
[EventDate "2000.??.??"]

1. f4 e5 2. d3 exf4 3. Bxf4 Qf6 4. Qc1 Bc5 5. Nf3 Qb6 6. d4 Bxd4 7. Nxd4 Qxd4
8. Bxc7 Nf6 9. c3 Qc5 10. Qf4 Nh5 11. Qe5+ Qxe5 12. Bxe5 Nc6 13. Bd6 Nf6 14.
Na3 Ne4 15. Nb5 Nxd6 16. Nxd6+ Ke7 17. Rd1 b6 18. g3 Ba6 19. e4 Bxf1 20. Rxf1
Ne5 21. Nf5+ Kf6 22. Rd6+ Kg5 23. Nxg7 Rhg8 24. h3 Ng6 25. Rd5+ Kh6 26. Nf5+
1-0

[Event "11. Lovsprings EMT Basis 1 2000"]
[Site "Ringsted"]
[Date "2000.05.05"]
[Round "6"]
[White "Nielsen, Carl Otto"]
[Black "Henriksen, Kasper"]
[Result "0-1"]
[WhiteElo "1729"]
[BlackElo "1756"]
[PlyCount "102"]
[EventDate "2000.??.??"]

1. d4 Nf6 2. c4 g6 3. Nc3 Bg7 4. g3 O-O 5. Bg2 d6 6. Nf3 Nc6 7. O-O a6 8. h3
Rb8 9. e4 e5 10. d5 Ne7 11. b4 Nh5 12. Qd3 f5 13. c5 dxc5 14. bxc5 fxe4 15.
Nxe4 Qxd5 16. Qxd5+ Nxd5 17. Bb2 Bf5 18. Rfe1 Rbe8 19. Rad1 Bxe4 20. Rxe4 Nhf6
21. Rxe5 c6 22. Rde1 Rxe5 23. Nxe5 Re8 24. Kf1 Nc7 25. Nc4 Rxe1+ 26. Kxe1 Nd7
27. Ba3 Bd4 28. Bf3 Nxc5 29. Ke2 N7e6 30. Nd6 Bc3 31. Bg4 Nd4+ 32. Kf1 b6 33.
Nc8 Na4 34. Bd7 Kf7 35. Na7 Nb5 36. Bxc6 Nxa3 37. Bxa4 Ke6 38. Nc8 b5 39. Bb3+
Ke5 40. Ne7 Nc4 41. Ke2 Kd6 42. Ng8 Bg7 43. g4 g5 44. f4 gxf4 45. Kf3 Nd2+ 46.
Kxf4 Nxb3 47. axb3 a5 48. g5 a4 49. Nf6 Bxf6 50. gxf6 Ke6 51. Ke4 a3 0-1

[Event "11. Lovsprings EMT Basis 1 2000"]
[Site "Ringsted"]
[Date "2000.05.05"]
[Round "6"]
[White "Pedersen, Allan"]
[Black "Olsen, Morten Henrik"]
[Result "0-1"]
[WhiteElo "1672"]
[BlackElo "1654"]
[PlyCount "114"]
[EventDate "2000.??.??"]

1. c4 Nf6 2. Nc3 e6 3. g3 d5 4. cxd5 Nxd5 5. Bg2 Nxc3 6. bxc3 c6 7. Nf3 Qc7 8.
O-O Be7 9. d4 O-O 10. Qb3 a5 11. a4 Nd7 12. Ba3 Bxa3 13. Rxa3 e5 14. Nd2 Nf6
15. Nf3 Be6 16. c4 exd4 17. Nxd4 Bd7 18. Rb1 Qd6 19. Qc3 Rab8 20. Rab3 b5 21.
axb5 cxb5 22. Nxb5 Qe7 23. e3 Ne4 24. Bxe4 Qxe4 25. Qd4 Qc6 26. Qd5 Rfd8 27.
Nd4 Rxb3 28. Rxb3 Qa4 29. Rb1 Rc8 30. Nb5 Be6 31. Qd4 Qxc4 32. Qxc4 Rxc4 33.
Nd6 Rb4 34. Rxb4 axb4 35. Nb5 Bc4 36. Nd4 b3 37. Nxb3 Bxb3 38. f3 Kf8 39. Kf2
Ke7 40. e4 Ke6 41. Ke3 Bd1 42. h4 h5 43. f4 Bg4 44. Kd3 Kd6 45. Kd4 Be2 46. Ke3
Bf1 47. Kf2 Bh3 48. Ke3 Kc5 49. e5 Kd5 50. Kd3 Bf5+ 51. Ke3 Kc4 52. Kd2 Kd4 53.
Ke2 Bg4+ 54. Kf2 Ke4 55. Kg2 Ke3 56. Kg1 Kf3 57. Kh2 Be6 0-1

[Event "11. Lovsprings EMT Basis 1 2000"]
[Site "Ringsted"]
[Date "2000.05.05"]
[Round "6"]
[White "Rasmussen, Henning"]
[Black "Madsen, Morten"]
[Result "1/2-1/2"]
[WhiteElo "1834"]
[BlackElo "1866"]
[PlyCount "87"]
[EventDate "2000.??.??"]

1. d4 c5 2. dxc5 e6 3. c4 Bxc5 4. Nf3 Nf6 5. Nc3 h6 6. e3 Nc6 7. Be2 O-O 8. O-O
d5 9. cxd5 exd5 10. Nb5 a6 11. Nbd4 Qb6 12. Nb3 Bf5 13. Bd2 Bb4 14. Bxb4 Nxb4
15. Nbd4 Be4 16. Qb3 Qd6 17. Rac1 Rab8 18. Rc3 Nc6 19. Rfc1 Nxd4 20. Nxd4 Rfd8
21. Rc7 Rd7 22. Qc3 Rbd8 23. Qc5 Rxc7 24. Qxc7 Rd7 25. Qxd6 Rxd6 26. f3 Bg6 27.
Rc8+ Kh7 28. Rc3 Rb6 29. Rb3 Nd7 30. Rxb6 Nxb6 31. b3 Bb1 32. a3 Nd7 33. Kf2
Nc5 34. Ke1 Ba2 35. Bd1 Bb1 36. Kd2 Kg6 37. Bc2+ Bxc2 38. Kxc2 Kf6 39. Kc3 Ke5
40. Nc2 Kd6 41. Nd4 g6 42. g4 Nd7 43. h4 Ke5 44. a4 1/2-1/2

[Event "11. Lovsprings EMT Basis 1 2000"]
[Site "Ringsted"]
[Date "2000.05.05"]
[Round "6"]
[White "Vandrup, Lars"]
[Black "Jensen, Karsten"]
[Result "0-1"]
[WhiteElo "1674"]
[BlackElo "1652"]
[PlyCount "66"]
[EventDate "2000.??.??"]

1. e4 c5 2. Nf3 d6 3. d4 cxd4 4. Nxd4 g6 5. Nc3 Bg7 6. Be3 a6 7. Be2 Nf6 8. h3
b5 9. Bf3 e5 10. Nb3 Bb7 11. a3 Qc7 12. Qd2 Nc6 13. O-O Ne7 14. Rad1 Rd8 15.
Bg5 O-O 16. Rfe1 d5 17. exd5 Bxd5 18. Nxd5 Nexd5 19. Qc1 Ne7 20. c3 Nf5 21. Nd2
h6 22. Bxf6 Bxf6 23. Ne4 Bg7 24. Re2 Nh4 25. Rxd8 Nxf3+ 26. gxf3 Rxd8 27. Qe3
f5 28. Qc5 Rd1+ 29. Kg2 Qd8 30. Ng3 Qg5 31. f4 exf4 32. Re8+ Kh7 33. Re7 fxg3
0-1

[Event "11. Lovsprings EMT Basis 1 2000"]
[Site "Ringsted"]
[Date "2000.05.12"]
[Round "7"]
[White "Hansen, Erik Olsgaard"]
[Black "Rasmussen, Henning"]
[Result "0-1"]
[WhiteElo "1659"]
[BlackElo "1834"]
[PlyCount "148"]
[EventDate "2000.??.??"]

1. f4 d5 2. e3 c5 3. Nf3 Nc6 4. Bb5 Bd7 5. b3 Nf6 6. Bb2 e6 7. Bxc6 Bxc6 8. Ne5
Rc8 9. d3 Be7 10. O-O O-O 11. Nd2 b5 12. Nxc6 Rxc6 13. a4 b4 14. e4 dxe4 15.
dxe4 Rd6 16. Rf2 Nxe4 17. Qg4 Nf6 18. Qe2 g6 19. Re1 Rd7 20. Nc4 Qc7 21. g4
Rfd8 22. g5 Nh5 23. Be5 Qb7 24. Bb2 Qc7 25. Qe4 Rd1 26. Be5 Rxe1+ 27. Qxe1 Qc6
28. Rd2 Rxd2 29. Qxd2 Qd5 30. Qxd5 exd5 31. Ne3 d4 32. Nd5 Kf8 33. Bb8 a6 34.
Kf2 f6 35. Kf3 fxg5 36. Nxe7 Kxe7 37. fxg5 Ke6 38. Ke4 Ng7 39. Ba7 Kd6 40. Bb8+
Ke6 41. Ba7 Kd6 42. Bb8+ Kc6 43. Ke5 Nf5 44. Ke4 Ne3 45. Kd3 Kd5 46. Ba7 Ng4
47. h4 Ne5+ 48. Ke2 Nd7 49. Kd3 Kc6 50. Ke4 Kb7 51. Bxc5 Nxc5+ 52. Kxd4 Kc6 53.
Ke5 Kd7 54. Kd5 Nb7 55. Kc4 a5 56. Kb5 Kc7 57. Kc4 Kc6 58. Kd4 Kd6 59. Kc4 Ke5
60. Kb5 Kf4 61. Kb6 Kg4 62. Kxb7 Kxh4 63. Kb6 Kxg5 64. Kxa5 h5 65. Kxb4 h4 66.
c4 h3 67. c5 h2 68. a5 h1=Q 69. a6 Qc6 70. a7 Qb7+ 71. Kc4 Qxa7 72. b4 Kf5 73.
Kd5 Qd7+ 74. Kc4 Ke5 0-1

[Event "11. Lovsprings EMT Basis 1 2000"]
[Site "Ringsted"]
[Date "2000.05.12"]
[Round "7"]
[White "Hove, Lars"]
[Black "Vandrup, Lars"]
[Result "1-0"]
[WhiteElo "1632"]
[BlackElo "1674"]
[PlyCount "55"]
[EventDate "2000.??.??"]

1. e4 c5 2. Nf3 d6 3. c3 g6 4. d4 cxd4 5. Qxd4 e5 6. Nxe5 Bg7 7. Qa4+ Nd7 8.
Nxd7 Bxd7 9. Bb5 Nf6 10. Bxd7+ Nxd7 11. Be3 O-O 12. O-O Re8 13. Nd2 Qe7 14.
Rae1 b6 15. f4 Nf6 16. Bd4 Qb7 17. e5 dxe5 18. fxe5 Ng4 19. Nf3 Re7 20. h3 Nh6
21. g4 Rae8 22. Qc2 Qd5 23. Qb3 Qc6 24. Ng5 Bxe5 25. Rxe5 Rxe5 26. Nxf7 R8e6
27. Nxh6+ Kg7 28. Bxe5+ 1-0